000 00567nam a2200181Ia 4500
008 090123s9999 xx 000 0 und d
082 _b36921
100 _aदिवेकर अंजली
245 _aफिरुनी पुन्हा
250 _a1
260 _bअक्षता प्रकाशन
_c2004
300 _a184
600 _aदिवेकर अंजली
630 _aफिरुनी पुन्हा
700 _aदिवेकर अंजली
730 _aफिरुनी पुन्हा
942 _cBOOK
999 _c74988
_d74988